[Event "C.to Mondiale IPCA"]
[Site "Piestany SVK"]
[Date "2011.07.02"]
[Round "1"]
[White "Bernardi, Ruben"]
[Black "Kurochkina, Elena"]
[Result "1-0"]
[WhiteElo "2162"]
[BlackElo "1814"]
[PlyCount "77"]
[EventDate "2011.07.02"]

1. e4 c5 2. Nf3 Nc6 3. d4 cxd4 4. Nxd4 e5 5. Nb5 d6 6. N1c3 a6 7. Na3 b5 8. Nd5
Nf6 9. Bg5 Be7 10. Bxf6 Bxf6 11. c4 Qa5+ 12. Qd2 Qxd2+ 13. Kxd2 Bg5+ 14. Kd1
O-O 15. h4 Bh6 16. cxb5 axb5 17. Nxb5 Rb8 18. b3 Rd8 19. f3 Be6 20. g4 Bf4 21.
Nxf4 exf4 22. Nc3 Ne5 23. Be2 d5 24. exd5 Bxd5 25. Nxd5 Rxd5+ 26. Ke1 Ra5 27.
Kf2 Nc6 28. Rhd1 Nb4 29. a3 Nc2 30. Ra2 Ne3 31. Rd4 Kf8 32. b4 Ra7 33. a4 Ke7
34. a5 Ke6 35. Re4+ Kd6 36. Rd2+ Kc6 37. Rxf4 Re8 38. Re4 Rxe4 39. fxe4 1-0

[Event "C.to Mondiale IPCA"]
[Site "Piestany SVK"]
[Date "2011.07.03"]
[Round "2"]
[White "Tillmann, Marc"]
[Black "Bernardi, Ruben"]
[Result "1/2-1/2"]
[WhiteElo "1954"]
[BlackElo "2162"]
[PlyCount "52"]
[EventDate "2011.07.02"]

1. c4 Nf6 2. Nc3 c5 3. Nf3 Nc6 4. e3 e6 5. d4 d5 6. a3 a6 7. dxc5 Bxc5 8. b4
Ba7 9. Be2 O-O 10. O-O Re8 11. Qc2 Bd7 12. Rd1 Rc8 13. cxd5 exd5 14. Qd3 Ne5
15. Nxe5 Rxe5 16. Bf3 d4 17. exd4 Bf5 18. Qd2 Qxd4 19. Bb2 Qh4 20. Re1 Rce8 21.
Rxe5 Rxe5 22. g3 Qd4 23. Qxd4 Bxd4 24. Rd1 Bh3 25. Bg2 Bxg2 26. Kxg2 Bxc3
1/2-1/2

[Event "C.to Mondiale IPCA"]
[Site "Piestany SVK"]
[Date "2011.07.04"]
[Round "3"]
[White "Bernardi, Ruben"]
[Black "Valenta, Vit jr"]
[Result "1/2-1/2"]
[WhiteElo "2162"]
[BlackElo "2146"]
[PlyCount "93"]
[EventDate "2011.07.02"]

1. e4 e5 2. Nf3 Nc6 3. Nc3 Nf6 4. g3 g6 5. d4 exd4 6. Nxd4 Bg7 7. Nde2 O-O 8.
Bg2 d6 9. O-O Bg4 10. h3 Bxe2 11. Qxe2 Re8 12. Be3 Qe7 13. Rae1 Qf8 14. Qc4 Nd7
15. Nd5 Rac8 16. f4 Nb6 17. Nxb6 axb6 18. c3 Re7 19. b4 Rce8 20. Bd2 Kh8 21. g4
Nd8 22. a4 h6 23. h4 f6 24. Qd3 Nf7 25. Re3 Ra8 26. e5 dxe5 27. Qxg6 Qg8 28.
Bxb7 Rd8 29. Re2 Nd6 30. Bg2 e4 31. f5 Qe8 32. Qxe8+ Rexe8 33. Bf4 Bf8 34. Rfe1
Ra8 35. Bxd6 Bxd6 36. Bxe4 Rxa4 37. Bc6 Rxe2 38. Rxe2 Ra1+ 39. Kg2 Be5 40. c4
Rb1 41. b5 Rb2 42. Kf3 Rxe2 43. Kxe2 Bg3 44. h5 Kg7 45. Kf3 Bh4 46. Ke4 Kf7 47.
Kd5 1/2-1/2

[Event "C.to Mondiale IPCA"]
[Site "Piestany SVK"]
[Date "2011.07.05"]
[Round "5"]
[White "Bernardi, Ruben"]
[Black "Yarmonov, Igor"]
[Result "0-1"]
[WhiteElo "2162"]
[BlackElo "2322"]
[PlyCount "106"]
[EventDate "2011.07.02"]

1. e4 e5 2. Nf3 Nc6 3. Bc4 Be7 4. c3 Nf6 5. Qe2 O-O 6. d3 a6 7. Bb3 d6 8. Nbd2
b5 9. Nf1 Be6 10. Ng3 Qd7 11. h3 Bxb3 12. axb3 d5 13. Nf5 dxe4 14. dxe4 Qe6 15.
b4 Rfd8 16. Nxe7+ Nxe7 17. O-O h6 18. Qc2 Ng6 19. Re1 Nh5 20. Kh2 Nhf4 21. Bxf4
Nxf4 22. Re3 Rd6 23. Rd1 a5 24. bxa5 Rxa5 25. Rxd6 cxd6 26. Nd2 Ra1 27. c4 Qc8
28. Nb3 Ra4 29. c5 dxc5 30. Qxc5 Qxc5 31. Nxc5 Rc4 32. Nd7 f6 33. g3 Ne6 34.
Kg2 Ng5 35. Rb3 Nxe4 36. Rxb5 Rc2 37. Rb7 Rxf2+ 38. Kg1 Rf3 39. b4 Rxg3+ 40.
Kh2 Rb3 41. b5 Nd6 42. Rb8+ Kf7 43. b6 Rb5 44. Ra8 Ke6 45. Ra7 Kd5 46. Nf8 g5
47. Nd7 f5 48. Rc7 f4 49. Nf6+ Kd4 50. Rc6 Nc4 51. Nd7 h5 52. Nf8 Rxb6 53. Ne6+
Ke3 0-1

[Event "C.to Mondiale IPCA"]
[Site "Piestany SVK"]
[Date "2011.07.08"]
[Round "8"]
[White "Bernardi, Ruben"]
[Black "Obodchuk, Andrei"]
[Result "1/2-1/2"]
[WhiteElo "2162"]
[BlackElo "2373"]
[PlyCount "24"]
[EventDate "2011.07.02"]

1. e4 c5 2. Nf3 d6 3. Bb5+ Nd7 4. d4 Ngf6 5. Nc3 cxd4 6. Qxd4 a6 7. Bxd7+ Bxd7
8. Bg5 e6 9. e5 dxe5 10. Nxe5 Be7 11. O-O-O Bc6 12. Nxc6 bxc6 1/2-1/2